| 000 | 01110cam a22003134a 4500 | ||
|---|---|---|---|
| 005 | 20260322212003.0 | ||
| 008 | data | ||
| 010 | _a 2003055492 | ||
| 020 | _a074323698X | ||
| 020 | _a9780743236980 | ||
| 040 |
_aDLC _cDLC _dDLC |
||
| 042 | _apcc | ||
| 050 | 0 | 0 |
_aBF611 _b.Z85 2003 |
| 082 | 0 | 0 |
_a153.8/3 _222 |
| 092 | _a153.8 Z85 2003 | ||
| 100 | 1 | _aZukav, Gary. | |
| 245 | 1 | 4 |
_aThe mind of the soul : _bresponsible choice / _cGary Zukav & Linda Francis. |
| 260 |
_aNew York : _bFree Press, _c2003. |
||
| 300 |
_axvii, 215 p. : _bill. ; _c23 cm. |
||
| 500 | _aIncludes index. | ||
| 650 | 0 |
_aChoice (Psychology) _vMiscellanea. |
|
| 650 | 0 | _aNew Age movement. | |
| 700 | 1 | _aFrancis, Linda. | |
| 856 | 4 | 2 |
_3Contributor biographical information _uhttp://www.loc.gov/catdir/bios/simon053/2003055492.html |
| 856 | 4 | 2 |
_3Publisher description _uhttp://www.loc.gov/catdir/description/simon041/2003055492.html |
| 856 | 4 | 1 |
_3Table of contents only _uhttp://www.loc.gov/catdir/enhancements/fy0631/2003055492-t.html |
| 856 | 4 | 1 |
_3Sample text _uhttp://www.loc.gov/catdir/enhancements/fy0641/2003055492-s.html |
| 001 | data | ||
| 999 |
_c29 _d29 |
||